<?xml version="1.0" encoding="UTF-8"?>
<collection xmlns:xsi="http://www.w3.org/2001/XMLSchema-instance" xsi:schemaLocation="http://www.loc.gov/MARC21/slim http://www.loc.gov/standards/marcxml/schema/MARC21slim.xsd" xmlns="http://www.loc.gov/MARC21/slim">
 <record>
  <leader>00000ctm a22000004i 4500</leader>
  <controlfield tag="001">UP-99796217611630083</controlfield>
  <controlfield tag="003">Buklod</controlfield>
  <controlfield tag="005">20150615090737.0</controlfield>
  <controlfield tag="006">m    |o  d |      </controlfield>
  <controlfield tag="007">ta</controlfield>
  <controlfield tag="008">150615s2010    xx     d     r    |||| u|</controlfield>
  <datafield tag="035" ind1=" " ind2=" ">
   <subfield code="a">(iLib)UPD-00246505988</subfield>
  </datafield>
  <datafield tag="040" ind1=" " ind2=" ">
   <subfield code="a">DARCHIVES</subfield>
   <subfield code="e">rda</subfield>
  </datafield>
  <datafield tag="041" ind1=" " ind2=" ">
   <subfield code="a">eng</subfield>
  </datafield>
  <datafield tag="042" ind1=" " ind2=" ">
   <subfield code="a">DMLUC</subfield>
  </datafield>
  <datafield tag="090" ind1=" " ind2=" ">
   <subfield code="a">LG 996 2010 H4</subfield>
   <subfield code="b">A23</subfield>
  </datafield>
  <datafield tag="100" ind1="1" ind2=" ">
   <subfield code="a">Abayao, Leah Enkiwe</subfield>
   <subfield code="e">author</subfield>
  </datafield>
  <datafield tag="245" ind1="1" ind2="0">
   <subfield code="a">Mayoyao ethnohistory and death ritual practices</subfield>
   <subfield code="b">continuity and change, 1857-1990</subfield>
   <subfield code="c">Leah Enkiwe Abayao.</subfield>
  </datafield>
  <datafield tag="264" ind1=" " ind2="0">
   <subfield code="a">Quezon City</subfield>
   <subfield code="b">Departamento ng Kasaysayan, College of Social Sciences and Philosophy, University of the Philippines Diliman</subfield>
   <subfield code="c">2010.</subfield>
  </datafield>
  <datafield tag="300" ind1=" " ind2=" ">
   <subfield code="a">xiii, 341 leaves</subfield>
   <subfield code="b">illustrations</subfield>
   <subfield code="c">28 cm</subfield>
  </datafield>
  <datafield tag="336" ind1=" " ind2=" ">
   <subfield code="a">text</subfield>
   <subfield code="2">rdacontent</subfield>
  </datafield>
  <datafield tag="337" ind1=" " ind2=" ">
   <subfield code="a">unmediated</subfield>
   <subfield code="2">rdamedia</subfield>
  </datafield>
  <datafield tag="338" ind1=" " ind2=" ">
   <subfield code="a">volume</subfield>
   <subfield code="2">rdacarrier</subfield>
  </datafield>
  <datafield tag="500" ind1=" " ind2=" ">
   <subfield code="a">&quot;October 2010.&quot;</subfield>
  </datafield>
  <datafield tag="500" ind1=" " ind2=" ">
   <subfield code="a">Vita.</subfield>
  </datafield>
  <datafield tag="502" ind1=" " ind2=" ">
   <subfield code="a">Thesis (Ph.D. History)--University of the Philippines Diliman.</subfield>
  </datafield>
  <datafield tag="520" ind1="3" ind2=" ">
   <subfield code="a">This work examined the death ritual tradition of the Mayoyao people from a multidisciplinary approach traversing various facets of ethnohistory of the Mayoyao Ifugaos in Northern Philippines. The first chapter explains the relevance of ethnohistories and introduces the approaches and methodologies in conducting such field of study. It grounds this study with an examination of several literatures relevant to notions of death and practices of death rituals in the Philippines and Southeast Asia. the second chapter presents the rootedness of the death ritual to an ancient settlement which existed before the advent of written tradition. An examination of the settlement's remains uncovered the origins and continuities of mortuary traditions. The analysis of death ritual tradition in its complex form as practiced in a new village habitation site in Central Mayoyao is tackled in chapter three. The following chapter demonstrates the dynamics of change brought by external forces and the internal dynamics such change has undergone. Like other villages in Northern Luzon during the United States occupation of the Philippines, Central Mayoyao in 1900s was a laboratory for cultural transformation in the spirit of the 'civilizing mission' of the American colonial government. Hence, the formulation and implementation of strategic policies and programs designed to assimilate the Mayoyaos in America's cultural frame. The impacts of colonial programs foregrounded the dynamics of change that transpired between the 1950s and the 1990s which is discussed in the fifth chapter. Significant changes in the death ritual caused by external factors such as by the protestant missionaries and other religious sects and bred with other cultural and technological confluences in Central Mayoyao brought pressures to Mayoyao ideational constructs and traditional worldview. The continuities and discontinuities in the practice of the death ritual mirror historical periods of the Mayoyaos and their homeland-an ethnohistory far different from the national history's narratives. The death ritual plays a significant part of the Mayoyaos' cultural frame. Relations are ordered in accordance with the inherent ecological consciousness of the Mayoyaos to their ancestors and creators. Ancestors are believed to be residing in particular parts of their environment where the living is an integral component of the ecology. This study emphasizes the intimate relationship of the Mayoyaos to their ancestors by sustaining ancestor-rooted traditions such as wet rice cultivation, traditional houses, woodlots, and graveyards.</subfield>
  </datafield>
  <datafield tag="650" ind1=" " ind2="0">
   <subfield code="a">Funeral rites and ceremonies</subfield>
   <subfield code="z">Philippines</subfield>
   <subfield code="z">Ifugao.</subfield>
  </datafield>
  <datafield tag="650" ind1=" " ind2="0">
   <subfield code="a">Ethnohistory</subfield>
   <subfield code="z">Mayoyao</subfield>
   <subfield code="z">Philippines</subfield>
   <subfield code="z">Ifugao.</subfield>
  </datafield>
  <datafield tag="650" ind1=" " ind2="0">
   <subfield code="a">Funeral rites and ceremonies</subfield>
   <subfield code="z">Philippines</subfield>
   <subfield code="z">Mountain Province.</subfield>
  </datafield>
  <datafield tag="650" ind1=" " ind2="0">
   <subfield code="a">Ethnohistory</subfield>
   <subfield code="z">Mayoyao</subfield>
   <subfield code="z">Philippines</subfield>
   <subfield code="z">Mountain Province.</subfield>
  </datafield>
  <datafield tag="905" ind1=" " ind2=" ">
   <subfield code="a">FI</subfield>
  </datafield>
  <datafield tag="905" ind1=" " ind2=" ">
   <subfield code="a">UP</subfield>
  </datafield>
  <datafield tag="852" ind1="0" ind2=" ">
   <subfield code="a">UPD</subfield>
   <subfield code="b">DARCHIVES</subfield>
   <subfield code="h">LG 996 2010 H4</subfield>
   <subfield code="i">A23</subfield>
  </datafield>
  <datafield tag="942" ind1=" " ind2=" ">
   <subfield code="a">Thesis</subfield>
  </datafield>
 </record>
</collection>
